10 Największych miast Austrii na mapie - Statystyki

Ogólne statystyki
  • Ten quiz został rozwiązany 27 razy
  • Średni wynik to 5 z 10
Odpowiedzi na mapie
Odpowiedzi zakodowano w zielono-czerwonej skali na mapie do tego quizu, zgodnie z poniższymi procentami.
 
Statystyki odpowiedzi
Miasto Populacja % Poprawnych
Wiedeń 2 mln
100%
Graz 300k
88%
Innsbruck 130k
88%
Salzburg 160k
88%
Linz 210k
76%
Klagenfurt am Wörthersee 105k
41%
Villach 65k
24%
Dornbirn 50k
6%
Sankt Pölten 60k
6%
Wels 65k
6%
Nie znaleziono quizów pasujących do podanych kryteriów
Rozkład punktacji
Procent ludzi z każdym wynikiem
Percentyl według liczby udzielonych odpowiedzi
Twoja historia wyników
Nie rozwiązałeś tego quizu